The Effect of the Concentration of Water Droplets in an Aerosol Cloud on Their Evaporation Rate; Technical Physics Letters; Vol. 48, iss. 3
| Parent link: | Technical Physics Letters Vol. 48, iss. 3.— 2022.— [P. 142-146] |
|---|---|
| Autor principal: | |
| Autor corporatiu: | , |
| Altres autors: | , |
| Sumari: | Title screen The results of an experimental study of the integral evaporation characteristics of water droplets that are present in the composition of an aerosol cloud are described. Parameters, such as the initial radius of the droplets (0.1–0.25 mm), their concentration (0.03–0.1 L/m3), and the temperature of combustion products (573–873 K), are varied. The ranges of variation of the weight rate of water evaporation as function of the concentration of droplets in the aerosol cloud and their initial sizes are established. Approximation expressions for the established dependences are obtained. An approach is proposed for determining the rate of evaporation of aerosol droplets, which takes into account the known values of the evaporation rate of a single droplet. Режим доступа: по договору с организацией-держателем ресурса |
| Idioma: | anglès |
| Publicat: |
2022
|
| Matèries: | |
| Accés en línia: | https://doi.org/10.1134/S1063785022040137 |
| Format: | Electrònic Capítol de llibre |
| KOHA link: | https://koha.lib.tpu.ru/cgi-bin/koha/opac-detail.pl?biblionumber=668514 |
MARC
| LEADER | 00000naa0a2200000 4500 | ||
|---|---|---|---|
| 001 | 668514 | ||
| 005 | 20250303114324.0 | ||
| 035 | |a (RuTPU)RU\TPU\network\39741 | ||
| 035 | |a RU\TPU\network\37711 | ||
| 090 | |a 668514 | ||
| 100 | |a 20221221d2022 k||y0rusy50 ba | ||
| 101 | 0 | |a eng | |
| 135 | |a drcn ---uucaa | ||
| 181 | 0 | |a i | |
| 182 | 0 | |a b | |
| 200 | 1 | |a The Effect of the Concentration of Water Droplets in an Aerosol Cloud on Their Evaporation Rate |f R. S. Volkov, S. A. Kerimbekova, P. A. Strizhak | |
| 203 | |a Text |c electronic | ||
| 300 | |a Title screen | ||
| 320 | |a [References: 9 tit.] | ||
| 330 | |a The results of an experimental study of the integral evaporation characteristics of water droplets that are present in the composition of an aerosol cloud are described. Parameters, such as the initial radius of the droplets (0.1–0.25 mm), their concentration (0.03–0.1 L/m3), and the temperature of combustion products (573–873 K), are varied. The ranges of variation of the weight rate of water evaporation as function of the concentration of droplets in the aerosol cloud and their initial sizes are established. Approximation expressions for the established dependences are obtained. An approach is proposed for determining the rate of evaporation of aerosol droplets, which takes into account the known values of the evaporation rate of a single droplet. | ||
| 333 | |a Режим доступа: по договору с организацией-держателем ресурса | ||
| 461 | |t Technical Physics Letters | ||
| 463 | |t Vol. 48, iss. 3 |v [P. 142-146] |d 2022 | ||
| 610 | 1 | |a электронный ресурс | |
| 610 | 1 | |a труды учёных ТПУ | |
| 610 | 1 | |a water droplet | |
| 610 | 1 | |a aerosol | |
| 610 | 1 | |a evaporation | |
| 610 | 1 | |a concentration of droplets | |
| 700 | 1 | |a Volkov |b R. S. |c specialist in the field of power engineering |c Associate Professor of the Tomsk Polytechnic University, candidate of technical Sciences |f 1987- |g Roman Sergeevich |3 (RuTPU)RU\TPU\pers\33926 |9 17499 | |
| 701 | 1 | |a Kerimbekova |b S. A. |c specialist in the field of heat and power engineering |c Engineer of Tomsk Polytechnic University |f 1991- |g Susanna Aleksandrovna |3 (RuTPU)RU\TPU\pers\47236 |9 22816 | |
| 701 | 1 | |a Strizhak |b P. A. |c Specialist in the field of heat power energy |c Doctor of Physical and Mathematical Sciences (DSc), Professor of Tomsk Polytechnic University (TPU) |f 1985- |g Pavel Alexandrovich |3 (RuTPU)RU\TPU\pers\30871 |9 15117 | |
| 712 | 0 | 2 | |a Национальный исследовательский Томский политехнический университет |b Инженерная школа энергетики |b Научно-образовательный центр И. Н. Бутакова (НОЦ И. Н. Бутакова) |3 (RuTPU)RU\TPU\col\23504 |
| 712 | 0 | 2 | |a Национальный исследовательский Томский политехнический университет |b Исследовательская школа физики высокоэнергетических процессов |c (2017- ) |3 (RuTPU)RU\TPU\col\23551 |
| 801 | 0 | |a RU |b 63413507 |c 20221221 |g RCR | |
| 856 | 4 | |u https://doi.org/10.1134/S1063785022040137 | |
| 942 | |c CF | ||